000 00384cam a22001337a 4500
008 180718b1998 xxu||||| |||| 00| 0 eng d
020 _a8187222131
082 _aT344x54 M566
100 _aMehta, Pradeep S.
245 _aHow to survive as a consumer
_cby Pradeep S. Mehta
260 _aJaipur
_bConsumer Unity & Trust Society
_c1998
300 _a316p.
650 _aConsumer- education
999 _c493713
_d493713